[Event "ch-PHI"]
[Site "Makati PHI"]
[Date "2002.04.28"]
[Round "2"]
[White "Sanchez,Joseph"]
[Black "Paragua,M"]
[Result "1/2-1/2"]
[WhiteElo "2287"]
[BlackElo "2478"]

1.e4 c5 2.Nf3 d6 3.d4 cxd4 4.Nxd4 Nf6 5.Nc3 a6 6.Be3 Ng4 7.Bc1 Nf6 8.Be3 e5
9.Nb3 Be6 10.Qd2 Nbd7 11.f3 b5 12.g4 Nb6 13.g5 Nfd7 14.Nd5 Rc8 15.O-O-O Bxd5
16.exd5  1/2-1/2

[Event "ch-UKR"]
[Site "Alushta UKR"]
[Date "2002.05.03"]
[Round "1"]
[White "Sumets,A"]
[Black "Savvopulo,A"]
[Result "1-0"]
[WhiteElo "2459"]
[BlackElo "2204"]

1.e4 c5 2.Nf3 d6 3.d4 cxd4 4.Nxd4 Nf6 5.Nc3 a6 6.Be3 e5 7.Nb3 Be6 8.f3 Be7
9.Qd2 Qc7 10.O-O-O Nc6 11.g4 b5 12.g5 Nd7 13.Nd5 Bxd5 14.exd5 Nd8 15.f4 Nb7
16.Kb1 Nb6 17.fxe5 dxe5 18.Na5 Nxa5 19.Qxa5 Bc5 20.d6 Qc8 21.d7+ Nxd7 22.Bh3 Ra7
23.Qc3 O-O 24.Bxd7 Rxd7 25.Bxc5 Rxd1+ 26.Rxd1 Re8 27.a3 f5 28.gxf6 gxf6 29.Rd6 Kg7
30.Qg3+ Kf7 31.Qh4 Qf5 32.b4 Rg8 33.Rd7+  1-0

[Event "Capablanca Mem Premier II"]
[Site "Havana CUB"]
[Date "2002.05.06"]
[Round "1"]
[White "Vazquez,R"]
[Black "Herrera,I"]
[Result "0-1"]
[WhiteElo "2442"]
[BlackElo "2474"]

1.e4 c5 2.Nf3 d6 3.d4 cxd4 4.Nxd4 Nf6 5.Nc3 a6 6.Be3 e6 7.Qd2 b5 8.f3 Nbd7
9.g4 Nb6 10.Qf2 Nfd7 11.f4 Qc7 12.f5 e5 13.Nb3 b4 14.Nd5 Nxd5 15.exd5 Nf6
16.Qg2 Bb7 17.O-O-O Rc8 18.Kb1 h6 19.Rg1 Be7 20.h4 e4 21.Bd4 Nxd5 22.Bxg7 Ne3
23.Qd2 Rg8 24.Bd4 Nxd1 25.f6 Ne3 26.Bxe3 Bxf6 27.g5 hxg5 28.hxg5 Be5 29.Bh3 Rb8
30.Qxb4 Rh8 31.Bf5 Bd5 32.Qd2 Rh2 33.Qd1 Bxb3 34.axb3 Rxb3 35.Bc1 Qc3  0-1

[Event "Capablanca Mem Premier I"]
[Site "Havana CUB"]
[Date "2002.05.07"]
[Round "2"]
[White "Perez,Rod"]
[Black "Borges Mateos,J"]
[Result "1/2-1/2"]
[WhiteElo "2425"]
[BlackElo "2438"]

1.e4 c5 2.Nf3 d6 3.d4 cxd4 4.Nxd4 Nf6 5.Nc3 a6 6.Be3 e6 7.f3 b5 8.Qd2 Nbd7
9.g4 Nb6 10.Qf2 Nfd7 11.f4 Qc7 12.f5 Nc5 13.fxe6 fxe6 14.a3 Be7 15.O-O-O Bd7
16.g5 Rb8 17.g6 hxg6 18.Qg3 O-O  1/2-1/2

[Event "Croatian Cup"]
[Site "Pula CRO"]
[Date "2002.05.10"]
[Round "4"]
[White "Jurkovic,A"]
[Black "Zufic,M"]
[Result "1-0"]
[WhiteElo "2330"]
[BlackElo "2310"]

1.e4 c5 2.Nc3 d6 3.Nf3 Nf6 4.d4 cxd4 5.Nxd4 a6 6.Be3 e5 7.Nb3 Be6 8.Be2 Nbd7
9.g4 h6 10.Qd3 b5 11.O-O-O Nb6 12.f4 Qc7 13.Bxb6 Qxb6 14.g5 hxg5 15.fxg5 Nd7
16.Nd5 Qd8 17.h4 Rc8 18.Kb1 Nc5 19.Qe3 Be7 20.Nxc5 Rxc5 21.Nxe7 Kxe7 22.h5 Qa5
23.a3 b4 24.Qd2 bxa3 25.Qxd6+ Ke8 26.bxa3 Qc7 27.Qxc7 Rxc7 28.h6 gxh6 29.gxh6 Ke7
30.Bxa6 Ra7 31.Bd3 Rxa3 32.Kc1 Bg4 33.Rdf1 Ra1+ 34.Kd2 Rxf1 35.Bxf1 Kf6 36.Bd3 Kg6
37.Rg1 Kh5 38.Bc4 Rxh6 39.Rh1+ Kg5 40.Rxh6 Kxh6 41.Bxf7 Kg5 42.Ke3 Kf6 43.Bd5 Ke7
44.Kd3 Kd6 45.Kc4 Bd1 46.c3 Be2+ 47.Kb4 Bd3 48.c4 Bf1 49.Kb5 Kd7 50.Kc5 Bg2
51.Ba8 Kd8 52.Bd5 Kc7 53.Kb5 Bf1 54.Kb4 Bg2 55.c5 Bf1 56.Kc3 Kb8 57.Kd2 Kc7
58.Ke3 Kd8 59.Kd2 Kc7 60.Ke3 Kd8 61.Kf3 Ke7 62.Kg4 Kf6  1-0

[Event "XI MKD-Cup"]
[Site "Stip MKD"]
[Date "2002.05.10"]
[Round "3"]
[White "Karanfiloski,S"]
[Black "Kukutanov,G"]
[Result "1-0"]
[WhiteElo "2151"]
[BlackElo "2212"]

1.e4 c5 2.Nf3 d6 3.d4 cxd4 4.Nxd4 Nf6 5.Nc3 a6 6.Be3 b5 7.f3 e6 8.g4 Be7
9.g5 Nfd7 10.Qd2 O-O 11.O-O-O Nc5 12.h4 b4 13.Nce2 d5 14.e5 a5 15.Kb1 Ba6
16.Ng3 a4 17.f4 b3 18.cxb3 axb3 19.axb3 Bxf1 20.Rhxf1 Nca6 21.Nge2 Nb4 22.Nc3 g6
23.h5 Ra6 24.Rh1 Nd7 25.Qh2 Qa5 26.Na4 Rfa8 27.hxg6 Nf8 28.gxf7+ Kxf7 29.Qh5+ Kg8
30.Rdg1 Qxa4 31.bxa4 Rxa4 32.Nb3  1-0

[Event "Capablanca Mem Premier II"]
[Site "Havana CUB"]
[Date "2002.05.12"]
[Round "6"]
[White "Reinaldo Castineira,R"]
[Black "Herrera,I"]
[Result "1/2-1/2"]
[WhiteElo "2404"]
[BlackElo "2474"]

1.e4 c5 2.Nf3 d6 3.d4 cxd4 4.Nxd4 Nf6 5.Nc3 a6 6.Be3 e5 7.Nf3 Qc7 8.a4 Be7
9.a5 O-O 10.Be2 Nbd7 11.O-O b5 12.axb6 Nxb6 13.Nd2 Bb7 14.Bxb6 Qxb6 15.Nc4 Qc5
16.Ra5 Qc7 17.Qd3 Rfd8 18.Bf3 Rab8 19.Rfa1 Bc8 20.b3 Bb7 21.Ne3 Rbc8 22.Ne2 d5
23.exd5 Bc5 24.c4 g6 25.Qc3 Qd6 26.Rxc5 Qxc5 27.Qxe5 Nd7 28.Qc3 Qd6 29.g3 Qe5
30.Qxe5 Nxe5 31.Bg2 Rd6 32.Nd4 Rb6 33.Bh3 Rc5 34.Rd1 Bc8 35.Bxc8 Rxc8 36.f4 Nd7
37.Nc6 Re8 38.Ng4 Rxb3 39.Nce5 Nxe5 40.Nf6+ Kf8 41.fxe5 Rd8 42.c5 Rc3 43.Ra1  1/2-1/2

[Event "Open"]
[Site "Pula CRO"]
[Date "2002.05.13"]
[Round "2"]
[White "Papp,Ga"]
[Black "Cvitan,O"]
[Result "1/2-1/2"]
[WhiteElo "2306"]
[BlackElo "2570"]

1.e4 c5 2.Nf3 d6 3.d4 cxd4 4.Nxd4 Nf6 5.Nc3 a6 6.Be3 e5 7.Nb3 Be6 8.Qd2 Be7
9.f3 O-O 10.O-O-O Nbd7 11.g4 Qc7 12.h4 b5 13.Qf2 b4 14.Nd5 Bxd5 15.exd5 a5
16.g5 Nh5  1/2-1/2

[Event "Open"]
[Site "Pula CRO"]
[Date "2002.05.14"]
[Round "4"]
[White "Stocek,J"]
[Black "Vombek,D"]
[Result "1-0"]
[WhiteElo "2566"]
[BlackElo "2281"]

1.e4 c5 2.Nf3 d6 3.d4 cxd4 4.Nxd4 Nf6 5.Nc3 a6 6.Be3 e5 7.Nb3 Be6 8.f3 Nbd7
9.g4 b5 10.g5 Nh5 11.Qd2 Rc8 12.a4 b4 13.Nd5 Bxd5 14.Qxd5 Nb8 15.O-O-O Qc7
16.Rd2 h6 17.Bh3 Nd7 18.g6 fxg6 19.Qe6+ Kd8 20.Qxg6 Nhf6 21.Rhd1 Qc6 22.a5 Kc7
23.Qf7 Kb8 24.f4 Rc7 25.Qe6 Qc4 26.Bb6 Qxe6 27.Bxc7+ Kxc7 28.Bxe6 Nxe4 29.Re2 Ndc5
30.Bf5 Nxb3+ 31.cxb3 Nc5 32.fxe5 dxe5 33.Rxe5 Bd6 34.Red5 Rd8 35.Kc2 Be7
36.Rxd8 Bxd8 37.Rd4  1-0

[Event "Open"]
[Site "Pula CRO"]
[Date "2002.05.18"]
[Round "8"]
[White "Kutuzovic,B"]
[Black "Vombek,D"]
[Result "1/2-1/2"]
[WhiteElo "2406"]
[BlackElo "2281"]

1.e4 c5 2.Nf3 d6 3.d4 cxd4 4.Nxd4 Nf6 5.Nc3 a6 6.Be3 e5 7.Nb3 Be6 8.f3 Nbd7
9.Qd2 b5 10.a4 b4 11.Nd5 Bxd5 12.exd5 Nb6 13.Bxb6 Qxb6 14.a5 Qb7 15.Bc4 g6
16.Ra4 Rb8 17.Nc1 h5 18.Na2  1/2-1/2

[Event "Open A"]
[Site "Ostrava CZE"]
[Date "2002.05.19"]
[Round "3"]
[White "Holeksa,Z"]
[Black "Vratny,R"]
[Result "1-0"]
[WhiteElo "2087"]
[BlackElo "2144"]

1.e4 c5 2.Nf3 d6 3.d4 cxd4 4.Nxd4 Nf6 5.Nc3 a6 6.Be3 e6 7.f3 Be7 8.g4 h6
9.Qd2 Qc7 10.O-O-O Nc6 11.h4 Ne5 12.Be2 Nfd7 13.f4 Nc4 14.Bxc4 Qxc4 15.g5 hxg5
16.hxg5 Rxh1 17.Rxh1 Nf8 18.f5 Bd7 19.g6 e5 20.gxf7+ Qxf7 21.Nb3 Bc6 22.Na5 g6
23.Rf1 gxf5 24.Rxf5 Qe6 25.Qd3 Qg8 26.Nc4 Rd8 27.Nb6 Qg3 28.Qe2 Qg6 29.Qf2 Ne6
30.Ncd5 Bxd5 31.Nxd5 Rd7 32.b3 Bd8 33.Nf6+ Bxf6 34.Rxf6 Qg4 35.Qh2 Rg7 36.Qh6 Nf4
37.Rxd6  1-0

[Event "Guillermo Garcia TORRE"]
[Site "Santa Clara CUB"]
[Date "2002.05.19"]
[Round "1"]
[White "Vazquez,R"]
[Black "Gallegos,Ca"]
[Result "1-0"]
[WhiteElo "2442"]
[BlackElo "2403"]

1.e4 c5 2.Nf3 d6 3.d4 cxd4 4.Nxd4 Nf6 5.Nc3 a6 6.Be3 Ng4 7.Bg5 h6 8.Bh4 g5
9.Bg3 Bg7 10.Be2 h5 11.Bxg4 hxg4 12.Nd5 Nc6 13.Nf5 Bxf5 14.exf5 Bxb2 15.Rb1 Qa5+
16.Qd2 Bd4 17.Qxa5 Nxa5 18.O-O O-O-O 19.Rfe1 Rhe8 20.Nxe7+ Kd7 21.Re4 Bc3
22.f6 Bxf6 23.Nd5 Bb2 24.Rxb2  1-0

[Event "2nd NAO Masters"]
[Site "Paris FRA"]
[Date "2002.05.20"]
[Round "8"]
[White "Habu,Y"]
[Black "Bonnet,E1"]
[Result "0-1"]
[WhiteElo "2342"]
[BlackElo "2194"]

1.e4 c5 2.Nf3 d6 3.d4 cxd4 4.Nxd4 Nf6 5.Nc3 a6 6.Be3 e5 7.Nb3 Be6 8.f3 Nbd7
9.g4 Be7 10.Qd2 Rc8 11.O-O-O O-O 12.Kb1 Nb6 13.g5 Nh5 14.Qf2 Nc4 15.Bxc4 Rxc4
16.h4 b5 17.Nd5 Bxd5 18.exd5 Nf4 19.Nd2 Rc8 20.Ne4 Qd7 21.Bxf4 exf4 22.Rhe1 Rfe8
23.Qb6 Ra8 24.h5 Qh3 25.h6 Qxf3 26.hxg7 Kxg7 27.Qd4+ Kg8 28.a3 Rac8 29.Nf6+ Bxf6
30.gxf6 Rxe1 31.Rxe1 Kh8 32.Ka2 h5 33.Re7 Rc5 34.Re5 Rxc2 35.Qg1 Rg2 36.Re8+ Kh7
37.Qb1+ Rg6 38.Qf5 Qg4 39.Qe4 f3 40.Qe7 Qc4+  0-1

[Event "Guillermo Garcia ALFIL"]
[Site "Santa Clara CUB"]
[Date "2002.05.20"]
[Round "2"]
[White "Gunnarsson,J"]
[Black "Quezada,Y"]
[Result "0-1"]
[WhiteElo "2396"]
[BlackElo "2411"]

1.e4 c5 2.Nf3 d6 3.d4 cxd4 4.Nxd4 Nf6 5.Nc3 a6 6.Be3 e5 7.Nb3 Be7 8.f3 Be6
9.Nd5 Nxd5 10.exd5 Bf5 11.Qd2 Nd7 12.Na5 Qc7 13.c4 O-O 14.Be2 Bh4+ 15.g3 Bf6
16.O-O b6 17.Nc6 Nb8 18.Nxb8 Raxb8 19.b4 Bg6 20.Rac1 Be7 21.f4 exf4 22.Bxf4 Rbd8
23.Bf3 Rfe8 24.Rfe1 Bf8 25.Kg2 Rxe1 26.Qxe1 Qa7 27.Qe3 h6 28.Re1 Rc8 29.Rc1 a5
30.a3 axb4 31.axb4 Qa2+ 32.Qf2 Qa6 33.Qd4 Be7 34.Be3 Qa2+ 35.Qd2 Qxd2+ 36.Bxd2 Bd3
37.Be3 Bg5 38.Bxg5 hxg5 39.Rc3 Bxc4 40.Kf2 Ba6 41.Rc6 Rb8 42.Rxd6 Bb5 43.Bg4 g6
44.Bd7 Rd8 45.Rxb6 Bxd7 46.Ke3 Kf8 47.Kd4 Be6 48.d6 Ke8 49.Ke5 Kd7 50.b5 Kc8
51.Kf6 g4 52.Rc6+ Kb8 53.Ke7 Rd7+ 54.Ke8 Kb7 55.Ra6 f5 56.Rc6 g5 57.Ra6 f4
58.gxf4 gxf4 59.Ra4 f3 60.Rc4 Rxd6  0-1

[Event "Elekes Mem GM"]
[Site "Budapest HUN"]
[Date "2002.05.21"]
[Round "4"]
[White "Fogarasi,T"]
[Black "Danner,G"]
[Result "1/2-1/2"]
[WhiteElo "2445"]
[BlackElo "2407"]

1.e4 c5 2.Nf3 d6 3.d4 cxd4 4.Nxd4 Nf6 5.Nc3 a6 6.Be3 e5 7.Nb3 Be6 8.Qd2 Be7
9.f4 exf4 10.Bxf4 Nc6 11.O-O-O Ne5 12.Nd4 Qc7 13.Nf5 Bxf5 14.exf5 O-O 15.Be2 Rac8
16.g4 Qc6 17.Kb1 Ne4 18.Nxe4 Qxe4 19.Rhf1 Rc6 20.Bd3 Qa4 21.g5 Rfc8 22.c3 Nxd3
23.Qxd3 g6 24.h4 gxf5 25.Qxf5 Rc5 26.Qc2 Qb5 27.Qb3 Qxb3 28.axb3 Rf5 29.Be3 Rxf1
30.Rxf1 Re8 31.Kc2 Bf8 32.Kd3 Re6 33.b4 h6 34.gxh6 Bxh6 35.Bd4 Kf8 36.Rf5 Bg7
37.b5 Bxd4 38.Kxd4 Re2 39.b4 Rd2+ 40.Kc4 Ke7 41.bxa6 bxa6 42.Ra5 Ke6 43.Rxa6 Rh2
44.Kb5 Rxh4 45.c4 Ke5 46.Ra7 f5 47.Re7+ Kd4 48.Re6 Kc3 49.Re3+ Kd4 50.Re6 Kc3
51.Re3+ Kd4  1/2-1/2

[Event "ch-LTU"]
[Site "Vilnius LTU"]
[Date "2002.05.21"]
[Round "6"]
[White "Sulskis,S"]
[Black "Zagorskis,D"]
[Result "1/2-1/2"]
[WhiteElo "2577"]
[BlackElo "2469"]

1.e4 c5 2.Nf3 d6 3.d4 cxd4 4.Nxd4 Nf6 5.Nc3 a6 6.Be3 e5 7.Nf3 Be7 8.Bc4 O-O
9.O-O Be6 10.Qe2 h6 11.Rfd1 Qc7 12.Nd2 Rc8 13.Bxe6 fxe6 14.Qf3 Nbd7 15.a4 Qc6
16.Qh3 d5 17.Nf3 d4 18.Bxd4 exd4 19.Nxd4 Qc4 20.Nxe6 Nf8 21.Nd4 Bb4 22.Rd3 Re8
23.Nf5 Bxc3 24.Rxc3 Qxe4 25.Re3 Qf4 26.Rg3 Ne6 27.Nxh6+ Kf8 28.Nf5 Kf7 29.Rf3 Qc7
30.Rc3 Qe5 31.Qf3 Rad8 32.h3 Rd7 33.h4 Nf4 34.Ng3 Ne2+ 35.Nxe2 Qxe2 36.g4 Qxf3
37.Rxf3 Kg6 38.Rf5 Re4 39.h5+ Kh7 40.f3 Re2 41.Rc1 Rdd2 42.Kf1 Rf2+ 43.Kg1 Rg2+
44.Kf1 Rh2 45.Kg1 Rxc2 46.Rxc2 Rxc2 47.b4 Rc4 48.b5 a5 49.b6 Rxa4 50.h6 Rb4
51.hxg7 Kxg7 52.Rxa5 Rxb6 53.Kf2 Rb3 54.Rc5 Kg6 55.Ke2 b5 56.Kd2 b4 57.Rb5 Kf7
58.Kc2 Rc3+ 59.Kb2 Rxf3 60.Rxb4 Kg6 61.Kc2 Kg5 62.Rb5+ Kxg4 63.Rb4+ Kf5 64.Rb8 Kf4
65.Rf8 Ke3 66.Kb3 Kd4+ 67.Kb2 Rf5 68.Kb3 Rb5+ 69.Kc2 Rc5+ 70.Kb2 Nd5 71.Rb8 Kd3
72.Rh8 Rb5+ 73.Ka3 Kd4 74.Rh4+ Kc5 75.Rh5 Rb7 76.Rg5 Kc4 77.Rg4+ Kd3 78.Ka4 Ne3
79.Rb4 Ra7+ 80.Kb5 Rb7+ 81.Kc5 Rc7+ 82.Kd6 Rh7 83.Ke6 Rh6+ 84.Kd7 Nc4 85.Rb1 Ne5+
86.Kc7 Nf3 87.Rb5 Kc4 88.Rb6 Rh7+ 89.Kd6 Nd4 90.Ke5 Kc5 91.Rb1 Re7+ 92.Kf6 Re6+
93.Kf7 Ra6 94.Rh1 Kd5 95.Re1 Nf3 96.Rd1+ Ke5 97.Ke7 Rh6 98.Kd7 Nd4 99.Kc7 Kd5
100.Rg1  1/2-1/2

[Event "4th Borowski C"]
[Site "Essen GER"]
[Date "2002.05.23"]
[Round "7"]
[White "Klovans,J"]
[Black "Koscielski,J"]
[Result "1/2-1/2"]
[WhiteElo "2431"]
[BlackElo "2339"]

1.e4 c5 2.Nf3 d6 3.d4 cxd4 4.Nxd4 Nf6 5.Nc3 a6 6.Be3 e6 7.Qd2 b5 8.f3 Bb7
9.O-O-O Nbd7 10.g4 Nb6 11.Qf2 Nfd7 12.Kb1 Rc8 13.Bd3 Rxc3 14.bxc3 Na4 15.Ne2 Qc7
16.g5 d5 17.h4 Ne5  1/2-1/2

[Event "Open A"]
[Site "Ostrava CZE"]
[Date "2002.05.26"]
[Round "10"]
[White "Holeksa,Z"]
[Black "Malik,J"]
[Result "1/2-1/2"]
[WhiteElo "2087"]
[BlackElo "2188"]

1.e4 c5 2.Nf3 d6 3.d4 cxd4 4.Nxd4 Nf6 5.Nc3 a6 6.Be3 e5 7.Nb3 Be6 8.f3 Nbd7
9.Qd2 b5 10.a4 b4 11.Nd5 Bxd5 12.exd5 Nb6 13.Bxb6 Qxb6 14.a5 Qb7 15.Bc4 Be7
16.Ra4 Rb8 17.Nc1 Bd8 18.b3 Nd7 19.Nd3 O-O 20.O-O Bxa5 21.Kh1 Bb6 22.Rxa6 Nc5
23.Nxc5  1/2-1/2

[Event "FSIM June"]
[Site "Budapest HUN"]
[Date "2002.06.09"]
[Round "9"]
[White "Schwartz,Y"]
[Black "Farago,S"]
[Result "1-0"]
[WhiteElo "2322"]
[BlackElo "2286"]

1.e4 c5 2.Nf3 d6 3.d4 cxd4 4.Nxd4 Nf6 5.Nc3 a6 6.Be3 e5 7.Nb3 Be6 8.f3 Be7
9.Qd2 O-O 10.O-O-O b5 11.g4 Nbd7 12.g5 Nh5 13.h4 Ng3 14.Rg1 Nxf1 15.Rgxf1 a5
16.Kb1 a4 17.Nc1 Nb6 18.Bxb6 Qxb6 19.Nd5 Bxd5 20.Qxd5 Rac8 21.Nd3 b4 22.f4 exf4
23.Rxf4 Rc7 24.Rdf1 Bd8 25.e5 dxe5 26.Rxb4 Qa7 27.Nxe5 a3 28.Rbf4 Qb7 29.Qxb7 Rxb7
30.b3 f6 31.Nc6 Bc7 32.R4f3 Bd6 33.gxf6 gxf6 34.Rxf6 Rxf6 35.Rxf6 Rg7 36.Kc1 Rg1+
37.Kd2 Bf8 38.Ne5 Ra1 39.Nc4 Rxa2 40.Rf1 h5 41.Kc3 Be7 42.b4 Bxh4 43.Kb3  1-0

[Event "EuTCh U18"]
[Site "Balatonlelle HUN"]
[Date "2002.06.19"]
[Round "7"]
[White "Mijovic,A"]
[Black "Czaeczine,A"]
[Result "0-1"]
[WhiteElo "2123"]
[BlackElo "2083"]

1.e4 c5 2.Nf3 d6 3.d4 cxd4 4.Nxd4 Nf6 5.Nc3 a6 6.Be3 e5 7.Nb3 Be6 8.f3 Nbd7
9.g4 Nb6 10.g5 Nfd7 11.Nd5 Nxd5 12.exd5 Bf5 13.Bd3 Bxd3 14.Qxd3 Be7 15.Rg1 Rc8
16.O-O-O Nb6 17.Rg4 Qc7 18.Kb1 Nc4 19.Bc1 b5 20.Nd2 Nb6 21.Nb3 Nc4 22.f4 h5
23.gxh6 Rxh6 24.Qe2 Rh7 25.Rdg1 Kf8 26.R1g2 f5 27.Rg6 Bf6 28.Qd3 e4 29.Qd1 Qf7
30.Qg1 Rc7 31.Nd2 Qxd5 32.Nxc4 bxc4 33.Qb6 Qc6 34.Qb8+ Rc8 35.Qa7 Qc7 36.Qxa6 Rb8
37.R6g3 Kf7 38.Ra3 Rhh8 39.b3 cxb3 40.Rxb3 Rxb3+ 41.cxb3 Rc8 42.Ba3 Qc3 43.Qb7+ Ke6
44.Qxc8+ Qxc8 45.Rc2 Qa6 46.Bb2 Qf1+ 47.Rc1 Qxf4 48.a4 Qxh2 49.Rc2 Qg1+ 50.Rc1 Qb6
51.Ka2 e3  0-1

[Event "ISYG-M16"]
[Site "Moscow RUS"]
[Date "2002.06.21"]
[Round "4"]
[White "Anisimov,P"]
[Black "Kosov,Alexey"]
[Result "1-0"]
[WhiteElo "2424"]
[BlackElo "2280"]

1.e4 c5 2.Nf3 d6 3.d4 cxd4 4.Nxd4 Nf6 5.Nc3 a6 6.Be3 e5 7.Nb3 Be6 8.f3 Nbd7
9.Qd2 b5 10.a4 b4 11.Nd5 Bxd5 12.exd5 Be7 13.a5 O-O 14.Ra4 e4 15.Rxb4 exf3
16.gxf3 Re8 17.Be2 Bf8 18.c4 Nh5 19.Nd4 Qxa5 20.Nc6 Qa1+ 21.Qc1 Qxc1+ 22.Bxc1 Ne5
23.Nxe5 Rxe5 24.Kd1 Rae8 25.Bd3 g6 26.Bd2 Ng7 27.Rb6 Ra8 28.Bf4 Ree8 29.Bxd6 Bxd6
30.Rxd6 Re3 31.Kd2 Rxf3 32.c5 Ne8 33.Rc6 Rd8 34.d6 a5 35.Rf1 Rh3 36.Bc4 Rxh2+
37.Kc3 Rh3+ 38.Kc2 Rh2+ 39.Kc1 Kh8 40.Bxf7 Re2 41.Bxe8 Rexe8 42.Rc7 Kg8 43.Rff7 h5
44.Rg7+ Kh8 45.Rh7+ Kg8 46.Rcg7+ Kf8 47.Re7 Kg8 48.Rhg7+ Kh8 49.d7  1-0

[Event "ISYG-M14"]
[Site "Moscow RUS"]
[Date "2002.06.22"]
[Round "5"]
[White "Lanin,A"]
[Black "Karjakin,Sergey"]
[Result "0-1"]
[WhiteElo "2222"]
[BlackElo "2489"]

1.e4 c5 2.Nf3 d6 3.d4 cxd4 4.Nxd4 Nf6 5.Nc3 a6 6.Be3 e5 7.Nb3 Be6 8.f3 Be7
9.Qd2 h5 10.O-O-O Nbd7 11.Kb1 Qc7 12.h3 h4 13.f4 b5 14.Qe1 Rc8 15.Bd3 b4
16.Nd5 Bxd5 17.exd5 a5 18.fxe5 Nxe5 19.Bf5 Rb8 20.Bg5 a4 21.Nd4 Nxd5 22.Nf3 Bxg5
23.Rxd5 Bf6 24.Nxe5 Bxe5 25.Bd7+ Qxd7 26.Rxe5+ Kf8 27.Qd2 Rh6 28.Rd1 Qc6
29.Rd5 b3 30.cxb3 axb3 31.Rxd6 bxa2+ 32.Ka1 Rxd6 33.Qxd6+ Qxd6 34.Rxd6 Ra8
35.Rd2 Ke7 36.Rd3 f5 37.g3 hxg3 38.Rxg3 Kf6 39.b4 f4 40.Rb3 Ke5 41.b5 Ke4
42.Rb4+ Ke3 43.Rb3+ Kf2 44.Rb2+ Kg3 45.Rxa2 Rb8 46.Ra3+ f3 47.Kb2 Rxb5+ 48.Kc2 Kg2
49.Ra7 Rg5 50.Kd3 f2 51.Ra2 Kg1  0-1

[Event "Open"]
[Site "Velika Gorica CRO"]
[Date "2002.06.23"]
[Round "2"]
[White "Fercec,N"]
[Black "Teofilovic,V"]
[Result "1-0"]
[WhiteElo "2466"]
[BlackElo "2241"]

1.e4 c5 2.Nf3 d6 3.d4 cxd4 4.Nxd4 Nf6 5.Nc3 a6 6.Be3 e6 7.f3 b5 8.Qd2 Nbd7
9.g4 h6 10.O-O-O Bb7 11.h4 b4 12.Na4 Qa5 13.b3 Nc5 14.a3 Rc8 15.Qxb4 Qc7
16.Kb1 Ncd7 17.Qd2 e5 18.Nf5 g6 19.Ng3 d5 20.exd5 Bxd5 21.g5 hxg5 22.hxg5 Rxh1
23.Nxh1 Bxf3 24.gxf6 Bxh1 25.Qxd7+ Qxd7 26.Rxd7 Kxd7 27.Nb6+ Kc7 28.Nxc8 Kxc8
29.Bxa6+ Kd7 30.Bc4 Bxa3 31.Bxf7 Be4 32.Bh6 Bf5 33.Bc4 Be6 34.f7 Bxc4 35.bxc4 g5
36.f8=Q  1-0

[Event "IV Shakkinet A"]
[Site "Helsinki FIN"]
[Date "2002.06.24"]
[Round "1"]
[White "Nyysti,S"]
[Black "Agopov,M"]
[Result "1-0"]
[WhiteElo "2242"]
[BlackElo "2412"]

1.e4 c5 2.Nf3 d6 3.d4 cxd4 4.Nxd4 Nf6 5.Nc3 a6 6.Be3 e5 7.Nb3 Be6 8.f3 Be7
9.Qd2 Nbd7 10.O-O-O Qc7 11.g4 O-O 12.Nd5 Bxd5 13.exd5 a5 14.a4 Rfc8 15.Qf2 Bd8
16.g5 Nh5 17.Bd3 g6 18.Kb1 Nb6 19.Bb5 Nf4 20.Bxf4 exf4 21.h4 Nc4 22.Bxc4 Qxc4
23.Rd4 Bb6 24.Rxc4 Bxf2 25.Rxf4 Re8 26.Rf1 Re2 27.Nc1 Rd2 28.Nb3 Re2 29.Rc4 Kg7
30.Nc1 Rd2 31.Nb3 Re2 32.Nc1 Rd2 33.Nd3 Bb6 34.Re1 Kf8 35.h5 gxh5 36.Rh1 Rg2
37.Rxh5 Kg7 38.Rch4 Rh8 39.f4 Bd8 40.Rh6 f6 41.gxf6+ Bxf6 42.Rh1 b6 43.Kc1 Rg4
44.Kd1 Rg2 45.c3 Rg6 46.Rxg6+ Kxg6 47.Ke2 h5 48.Kf3 Kf5 49.Nf2 h4 50.Ng4 Be7
51.Ne3+ Kg6 52.Rg1+ Kf6 53.Nc4 Re8 54.Re1 Kf7 55.Re6 h3 56.Kg3 b5 57.Nxa5 Rh8
58.Kh2 bxa4 59.Nc4 Rh4 60.Re4 Bf8 61.Ne3 Kf6 62.Nf1 Kf5 63.Ng3+ Kg4 64.Rxa4 Kf3
65.Nf5 Rxf4 66.Nh4+  1-0

[Event "Open"]
[Site "Velika Gorica CRO"]
[Date "2002.06.24"]
[Round "3"]
[White "Jurkovic,A"]
[Black "Fercec,N"]
[Result "0-1"]
[WhiteElo "2330"]
[BlackElo "2466"]

1.e4 c5 2.Nf3 d6 3.d4 cxd4 4.Nxd4 Nf6 5.Nc3 a6 6.Be3 e5 7.Nb3 Be6 8.f3 Nbd7
9.g4 b5 10.g5 b4 11.Ne2 Nh5 12.Qd2 Be7 13.Ng3 g6 14.Nxh5 gxh5 15.O-O-O a5
16.Kb1 a4 17.Nc1 O-O 18.Bb5 Qc7 19.Bxd7 Bxd7 20.Nd3 b3 21.a3 d5 22.exd5 Bf5
23.c3 Rfd8 24.Ka1 Rxd5 25.Qe2 Rad8 26.Nf2 Rxd1+ 27.Rxd1 Rxd1+ 28.Qxd1 Bxa3
29.Ne4 Bxe4 30.fxe4 Bf8 31.Qd5 Qc8 32.Qxe5 Qh3 33.Bc1 Qd3 34.Qf4 Qc2 35.Qd2 Qxe4
36.Qf4 Qc2 37.Qd2 Qxd2 38.Bxd2 Bd6 39.h3 Kg7 40.Kb1 Kg6 41.c4 Kf5 42.Be3 Ke4
43.c5 Bc7  0-1

[Event "IV Shakkinet A"]
[Site "Helsinki FIN"]
[Date "2002.06.25"]
[Round "2"]
[White "Sammalvuo,T"]
[Black "Maki Uuro,Mi"]
[Result "1/2-1/2"]
[WhiteElo "2440"]
[BlackElo "2335"]

1.e4 c5 2.Nf3 d6 3.d4 cxd4 4.Nxd4 Nf6 5.Nc3 a6 6.Be3 e5 7.Nf3 Be7 8.Bc4 O-O
9.O-O Be6 10.Bb3 Nc6 11.Qe2 Na5 12.Rfd1 Qc7 13.Bg5 Rac8 14.Bxf6 Bxf6 15.Qd2 Be7
16.Nd5 Nxb3 17.cxb3 Bxd5 18.Qxd5 Qc6 19.Qxc6 Rxc6 20.Rac1 Rfc8 21.Rxc6 Rxc6
22.Kf1 g6 23.Ne1 f5 24.f3 Bg5 25.Nd3 Rc2 26.Nb4 Rxb2 27.Rxd6 fxe4 28.fxe4 Be7
29.Rb6 Bxb4 30.Rxb4 b5 31.a4 bxa4 32.Rxa4 Rxb3 33.Rxa6 Rb4 34.Kf2 Rxe4 35.g3 Rb4
36.Re6 Rb2+ 37.Kf3 Rxh2 38.Rxe5 Kf7 39.g4 Kf6 40.Ra5 h6 41.Kg3 Re2 42.Kf4 Re6
43.Rb5 Ra6 44.Rc5 Rb6 45.Ra5 Rc6 46.Rb5 Rd6 47.Ra5 Rc6 48.Rb5 Ra6 49.Rc5 Ra4+
50.Kg3 Ra3+ 51.Kf2 Ra2+ 52.Kf3 Ra3+ 53.Kf2 Ra2+ 54.Kf3 Ra1 55.Kf4 Rf1+ 56.Kg3 Kg7
57.Rc7+ Rf7 58.Rc6 Rf6 59.Rc7+ Rf7 60.Rc6 Ra7 61.Rb6 Ra3+ 62.Kf2 Ra7 63.Kg3 g5
64.Rc6 Ra3+ 65.Kf2 Ra4 66.Kg3 Rf4 67.Rc7+ Rf7 68.Rc6 Rf6 69.Rc7+ Kg6 70.Ra7 Rb6
71.Ra5 Kf6 72.Rc5 Ke6 73.Ra5 Rd6 74.Kf3 Rb6 75.Ke4 Kf6 76.Kf3 Rb3+ 77.Kf2 Rb6
78.Kf3 Rc6 79.Rb5 Re6 80.Ra5 Ke7 81.Ra7+ Kd6 82.Ra5 Ke7 83.Ra7+ Kf6 84.Ra5 Rc6
85.Rb5 Ra6 86.Rc5 Kg6 87.Rb5 Rc6 88.Ra5 Rd6 89.Rb5 Ra6 90.Rc5 h5 91.gxh5+ Kxh5
92.Rc4 g4+ 93.Kg3 Ra3+ 94.Kg2 Kh4 95.Rc2 Rg3+ 96.Kh2 Rf3 97.Kg2 Rg3+ 98.Kh2 Rh3+
99.Kg2 Rg3+ 100.Kh2 Rh3+  1/2-1/2

[Event "IV Shakkinet A"]
[Site "Helsinki FIN"]
[Date "2002.06.26"]
[Round "3"]
[White "Nyysti,S"]
[Black "Sammalvuo,T"]
[Result "1/2-1/2"]
[WhiteElo "2242"]
[BlackElo "2440"]

1.e4 c5 2.Nf3 d6 3.d4 cxd4 4.Nxd4 Nf6 5.Nc3 a6 6.Be3 Ng4 7.Bc1 Nf6 8.Be3 e6
9.f3 b5 10.g4 h6 11.Qd2 Bb7 12.O-O-O Nbd7 13.h4 b4 14.Na4 Qa5 15.b3 Nc5 16.a3 Rc8
17.Qxb4 Qc7 18.Kb1 d5 19.e5 Nd3 20.Qd2 Nxe5 21.Bh3 Bc6 22.g5 Nfd7 23.Nb2 Bxa3
24.Bxe6 fxe6 25.Nxe6 Qd6 26.Nxg7+ Kf8 27.Bd4 Bxb2 28.Bxb2 Kxg7 29.f4 h5 30.fxe5 Qe6
31.Rhf1 Rcf8 32.Rf6 Nxf6 33.exf6+ Kg6 34.f7 Qxf7 35.Qd3+ Qf5 36.Qc3 Qd7 37.Qd3+ Qf5
38.Qc3 Qd7 39.Qd3+  1/2-1/2

[Event "13th Open"]
[Site "Ljubljana SLO"]
[Date "2002.06.26"]
[Round "5"]
[White "Sax,G"]
[Black "Podkriznik,G"]
[Result "0-1"]
[WhiteElo "2566"]
[BlackElo "2299"]

1.e4 c5 2.Nf3 d6 3.d4 cxd4 4.Nxd4 Nf6 5.Nc3 a6 6.Be3 e5 7.Nb3 Be6 8.Qd2 Nbd7
9.f3 Be7 10.g4 b5 11.g5 b4 12.Ne2 Nh5 13.Ng3 Nxg3 14.hxg3 a5 15.f4 g6 16.Qd3 Rc8
17.Nd2 Nc5 18.Bxc5 Rxc5 19.Nb3 Rc8 20.Bh3 Bxh3 21.Rxh3 Qd7 22.f5 Bxg5 23.Nxa5 Qa7
24.fxg6 Qxa5 25.Qxd6 Qc7 26.Qxb4 fxg6 27.Rh2  0-1

[Event "Milivoj Petrov Mem"]
[Site "Pancevo YUG"]
[Date "2002.06.26"]
[Round "3"]
[White "Todorovic,GM"]
[Black "Colovic,A"]
[Result "0-1"]
[WhiteElo "2487"]
[BlackElo "2362"]

1.e4 c5 2.Nf3 d6 3.d4 cxd4 4.Nxd4 Nf6 5.Nc3 a6 6.Be3 e5 7.Nb3 Be7 8.f3 Be6
9.Qd2 O-O 10.O-O-O Nbd7 11.g4 b5 12.g5 Nh5 13.Nd5 Bxd5 14.exd5 f5 15.Na5 f4
16.Bf2 Bxg5 17.Nc6 Qe8 18.Rg1 Bd8 19.Qb4 Bc7 20.Bh3 Nb8 21.Rge1 Nf6 22.Nd4 Qh5
23.Ne6 Qxh3 24.Nxc7 Qxf3 25.Nxa8 Qxf2 26.Qxd6 e4 27.Nc7 f3 28.Kb1 Qh4 29.a3 Nbd7
30.Qxa6 Qxh2 31.Nxb5 Kh8 32.Nc3 f2 33.Rh1 Qg3 34.Ne2 Qe3 35.Nd4 Qg3 36.Qe2 Ne5
37.Ne6 Rb8 38.Ka1 e3 39.Nd4 Neg4 40.c4 Qf4 41.c5 Ne4  0-1

[Event "13th Open"]
[Site "Ljubljana SLO"]
[Date "2002.06.27"]
[Round "6"]
[White "Gombac,Jan"]
[Black "Stajner,S"]
[Result "1-0"]
[WhiteElo "2233"]
[BlackElo "2073"]

1.e4 c5 2.Nf3 d6 3.d4 cxd4 4.Nxd4 Nf6 5.Nc3 a6 6.Be3 e5 7.Nb3 Be6 8.f3 Be7
9.Qd2 b5 10.a4 b4 11.Nd5 Bxd5 12.exd5 a5 13.Bb5+ Nfd7 14.O-O O-O 15.c3 Nc5
16.Nxc5 dxc5 17.cxb4 cxb4 18.Rfd1 Bd6 19.Bc6 Nxc6 20.dxc6 Bc7 21.Qe2 Qf6
22.Rac1 Rfd8 23.Rd7 Rac8 24.Rxc7 Rxc7 25.Bb6 Rdc8 26.Bxc7 Rxc7 27.Qa6 h6
28.Qxa5 Qf4 29.Qc5 e4 30.fxe4 Qd2 31.b3 Qb2 32.Qc4 Qa3 33.Qc2 g6 34.Qb1  1-0